Electronic Devices and Circuits (Record no. 45)
[ view plain ]
| 000 -LEADER | |
|---|---|
| Fixed length control field | 00536nam a2200205 4500 |
| 003 - CONTROL NUMBER IDENTIFIER | |
| Control field | SEACOMEC |
| 005 - DATE AND TIME OF LATEST TRANSACTION | |
| Control field | 20231004111429.0 |
| 008 - FIXED-LENGTH DATA ELEMENTS--GENERAL INFORMATION | |
| Fixed length control field | 231004b |||||||| |||| 00| 0 eng d |
| 020 ## - INTERNATIONAL STANDARD BOOK NUMBER / ISBN | |
| Price | Rs.210.00 |
| 040 ## - CATALOGING SOURCE | |
| Original cataloging agency | SEACOMEC |
| 082 ## - DEWEY DECIMAL CLASSIFICATION NUMBER | |
| Classification number | 621.3815 |
| Book Number | SAS |
| 100 1# - MAIN ENTRY--PERSONAL NAME | |
| Personal name | Sasikala,B. |
| 245 1# - TITLE STATEMENT | |
| Title | Electronic Devices and Circuits |
| Statement of responsibility | Sashikala,B. and Poorna Chandra,S. |
| 260 ## - IMPRINT | |
| Place of publication | Chennai |
| Name of publisher | Scitech |
| Date of publication | 2003 |
| 600 1# - SUBJECT ADDED ENTRY--PERSONAL NAME | |
| Personal name | Purnna Chandra, S. |
| 650 ## - SUBJECT ADDED ENTRY--TOPICAL TERM | |
| Topical term | ENGINEERING |
| 650 ## - SUBJECT ADDED ENTRY--TOPICAL TERM | |
| Topical term | Mechanical Engineering |
| 700 1# - ADDED ENTRY--PERSONAL NAME | |
| Personal name | B. Sasikala |
| 942 ## - ADDED ENTRY ELEMENTS (KOHA) | |
| Koha item type | Books |
| Withdrawn status | Lost status | Source of classification | Damaged status | Not for loan | Home library | Current library | Date acquired | Total Checkouts | Call number | Accession number | Date last seen | Price effective from | Koha item type |
|---|---|---|---|---|---|---|---|---|---|---|---|---|---|
| Dewey Decimal Classification | SEACOM ENGINEERING COLLEGE | SEACOM ENGINEERING COLLEGE | 24/07/2006 | 621.3815 SAS | 04346 | 04/10/2023 | 04/10/2023 | Books | |||||
| Dewey Decimal Classification | SEACOM ENGINEERING COLLEGE | SEACOM ENGINEERING COLLEGE | 24/07/2006 | 621.3815 SAS | 04347 | 04/10/2023 | 04/10/2023 | Books | |||||
| Dewey Decimal Classification | SEACOM ENGINEERING COLLEGE | SEACOM ENGINEERING COLLEGE | 24/07/2006 | 621.3815 SAS | 04348 | 04/10/2023 | 04/10/2023 | Books | |||||
| Dewey Decimal Classification | SEACOM ENGINEERING COLLEGE | SEACOM ENGINEERING COLLEGE | 24/07/2006 | 621.3815 SAS | 04349 | 04/10/2023 | 04/10/2023 | Books | |||||
| Dewey Decimal Classification | SEACOM ENGINEERING COLLEGE | SEACOM ENGINEERING COLLEGE | 24/07/2006 | 621.3815 SAS | 04350 | 04/10/2023 | 04/10/2023 | Books | |||||
| Dewey Decimal Classification | SEACOM ENGINEERING COLLEGE | SEACOM ENGINEERING COLLEGE | 24/07/2006 | 621.3815 SAS | 04351 | 04/10/2023 | 04/10/2023 | Books | |||||
| Dewey Decimal Classification | SEACOM ENGINEERING COLLEGE | SEACOM ENGINEERING COLLEGE | 24/07/2006 | 621.3815 SAS | 04352 | 04/10/2023 | 04/10/2023 | Books | |||||
| Dewey Decimal Classification | SEACOM ENGINEERING COLLEGE | SEACOM ENGINEERING COLLEGE | 24/07/2006 | 621.3815 SAS | 04353 | 04/10/2023 | 04/10/2023 | Books |
